El mensajero del tiempo / (Registro nro. 14933)

Detalles MARC
000 -LIDER
fixed length control field 00730nam a22002417a 4500
003 - IDENTIFICACDOR DE NÚMERO DE CONTROL
control field DO-SdBPM
005 - DATE AND TIME OF LATEST TRANSACTION
control field 20250206092820.0
008 - ELEMENTOS DE LONGITUD FIJA
fixed length control field 1707141999 sp 00| 0 spa d
020 ## - ISBN
International Standard Book Number 8439287941
040 ## - FUENTE DE CATALOGACIÓN
Agencia que crea de manera original el registro DO-SdBPM
Idioma de catalogación spa
Agencia que realiza la transcripción BPMSU
082 #4 - NÚMERO DE CLASIFICACIÓN DECIMAL DE DEWEY
Classification number 863.6
Item number P977m 1999
Edition number 22
100 1# - ASIENTO PRINCIPAL -- NOMBRE PERSONAL
Nombre personal Puerto, Carlos
Fechas asociadas con el nombre 1942-
245 13 - MENCIÓN DE TITULO
Título El mensajero del tiempo /
Mención de responsabilidad Carlos Puerto
250 ## - MENCIÓN DE EDICION
Mención de edición 3a. ed.
260 ## - PUBLICACIÓN, DISTRIBUCIÓN, ETC. (PIE DE IMPRENTA)
Lugar de publicación, distribución, etc Madrid :
Nombre del editor, distribuidor, etc. Ediciones Gaviota,
Fecha de publicación, distribución, etc 1999.
300 ## - DESCRIPCIÓN FÍSICA
Extensión 127 p. :
Otros detalles físicos il. ;
Dimensiones 20 cm.
490 0# - MENCIÓN DE SERIES
Mención de serie Gaviota Junior
500 ## - NOTA GENERAL
Nota general Edad de lectura recomendada a partir de los 8 años.
590 ## - NOTA LOCAL
Texto de la nota local Inventariado, 2025/VM
650 ## - ENCABEZAMIENTO DE MATERIA--TEMÁTICO
Término temático o nombre geográfico como elemento de entrada Cuentos infantiles españoles
910 ## - VALIDACIÓN
Validación VMateo V. Control de dalidad. BPMSU
942 ## - ADDED ENTRY ELEMENTS (KOHA)
Source of classification or shelving scheme Dewey Decimal Classification
Koha item type Libros
Existencias
Withdrawn status Lost status Source of classification or shelving scheme Damaged status Not for loan Collection code Home library Current library Date acquired Total Checkouts Full call number Barcode Date last seen Price effective from Koha item type
    Dewey Decimal Classification     Colección Infantil General Biblioteca Pública Metropolitana Salomé Ureña Biblioteca Pública Metropolitana Salomé Ureña 02/06/2025   BPMSU CGI 863.6 P977m 1999 BPMSU25020010 02/06/2025 02/06/2025 Libros